banner-ar

Ismaïlia : (Record no. 60696)

MARC details
000 -الفاتح
حقل البيانات ثابتة الطول 01707cam a2200385 a 4500
005 - وقت وتاريخ اخر تعامل مع التسجيلة
رقم الضبط 20240530110423.0
008 - عناصر البيانات ثابتة الطول - معلومات عامة
حقل البيانات ثابتة الطول 110106s2008 ua abeof b 000 0 fre d
010 ## -
-- 2009487820
020 ## - الرقم الدولى المعيارى للكتب
الرقم الدولى المعيارى للكتاب 9782724705225
022 ## - الرقم الدولى المعيارى للدوريات
المصدر 11102470
040 ## - مصدر الفهرسة
وكالة الفهرسة الأصلية EG-CaGPL
وكالة النسخ EG-CaGPL
041 0# - رمز اللغة
رمز لغة النص/ المسارات الصوتية أو العنوان الانفرادي fre
-- ara
066 ## -
-- (3
082 04 - رقم تصنيف ديوى العشرى
رقم الطبعة 21
رقم التصنيف 916.215
رقم المادة CC/R I
100 1# - المدخل الرئيسى - إسم شخصى
الإسم الشخصى Raoūf ʻAbbās.
245 10 - بيان العنوان
العنوان Ismaïlia :
بقية العنوان architectures XIXe-XXe siècles /
بيان المسئوليه,etc sous la direction de Claudine Piaton ; textes Raouf Abbas, Céline Frémaux ; photographies Arnaud du Boistesselin = al-Ismāʻīlīyah : ʻimārat al-qarn al-tāsiʻ ʻashar wa-al-qarn al-ʻishrīn ....
246 11 - العنوان الموازى
الرابط 880-02
عنوان صحيح/عنوان مختصر Ismāʻīlīyah :
بقية العنوان ʻimārat al-qarn al-tāsiʻ ʻashar wa-al-qarn al-ʻishrīn
260 ## - PUBLICATION, DISTRIBUTION, ETC. (IMPRINT)
تاريخ النشر أو التوزيع c2008.
300 ## - الوصف المادى
التعداد 257 p. :
تفاصيل ماديه اخرى للوعاء ill. (some col.), maps (some col.), plans ;
أبعاد الوعاء 17 cm. x 23 cm.
490 1# - بيان السلسلة
عنوان السلسلة Bibliothèque générale ;
رقم المجلد/ التعيين التسلسلي 34
504 ## - تبصرة ببليوجرافية
تبصرة ببليوجرافية,الخ Includes bibliographical references (p. 256).
650 #0 - المدخل الاضافى بالموضوع-مصطلح موضوعى
مصطلح موضوعي Architecture
التقسيم الفرعي الجغرافي Egypt
-- Ismailia (Province)
التقسيم الفرعي العام History
التقسيم الفرعي الزمني 19th century.
650 #0 - المدخل الاضافى بالموضوع-مصطلح موضوعى
مصطلح موضوعي Architecture
التقسيم الفرعي الجغرافي Egypt
-- Ismailia (Province)
التقسيم الفرعي العام History
التقسيم الفرعي الزمني 20th century.
651 #0 - المدخل الاضافى بالموضوع - اسم جغرافى
الاسم الجغرافي Ismailia (Egypt : Province)
التقسيم الفرعي العام Buildings, structures, etc.
651 #0 - المدخل الاضافى بالموضوع - اسم جغرافى
الاسم الجغرافي Ismailia (Egypt : Province)
التقسيم الفرعي الشكلي Pictorial works.
700 1# - المدخل الاضافى - اسم شخصى
الإسم الشخصى Frémaux, Céline.
700 1# - المدخل الاضافى - اسم شخصى
الإسم الشخصى Piaton, Claudine.
700 1# - المدخل الاضافى - اسم شخصى
الإسم الشخصى Du Boistesselin, Arnaud,
الدور photographer.
710 2# - المدخل الاضافى - اسم هيئه
اسم الهيئة أو اسم السلطة كمدخل Institut français d'archéologie orientale du Caire.
942 ## - عناصر المدخل الإضافي( كوها)
مصدر التصنيف او مخطط الترفيف Dewey Decimal Classification
Koha [default] item type كتاب
260 ## - PUBLICATION, DISTRIBUTION, ETC. (IMPRINT)
-- Le Caire :
-- Institut français d'archéologie orientale,
546 ## - تبصرة اللغة
تبصرة اللغة French and Arabic.
Holdings
حالة التراجع حالة الفقد مصدر التصنيف او خطة الترفيف حالة تلف ليس للاعارة المكان المؤقت الموقع الحالى تاريخ الاكتساب اجمالي اﻻعارات رقم الطلب الباركود تاريخ اخر مشاهدة تاريخ تفعيل السعر نوع وعاء كوها
    ddc     مكتبة القاهرة الكبرى مكتبة القاهرة الكبرى 03/17/2015   916.215 CC/R I 159798 03/17/2015 03/17/2015 كتاب

Powered By

EGPV